Thường Rang, Bộ Mẹng

Giới thiệu một số bài dân ca thường sử dụng của người Mường ở tỉnh Hòa Bình.

Uloženo v:
Podrobná bibliografie
Médium: Kniha
Jazyk:Undetermined
Vydáno: Hà Nội Hội nhà văn 2018
Témata:
Tagy: Přidat tag
Žádné tagy, Buďte první, kdo otaguje tento záznam!
Thư viện lưu trữ: Trung tâm Học liệu Trường Đại học Cần Thơ
LEADER 00694nam a2200181Ia 4500
001 CTU_228870
008 210402s9999 xx 000 0 und d
082 |a 398.809597 
082 |b Th561 
245 0 |a Thường Rang, Bộ Mẹng 
245 0 |c Bùi Thiện, Mai Văn Trí (Sưu tầm, biên dịch, chỉnh lý) 
260 |a Hà Nội 
260 |b Hội nhà văn 
260 |c 2018 
520 |a Giới thiệu một số bài dân ca thường sử dụng của người Mường ở tỉnh Hòa Bình. 
650 |a Dân ca Việt Nam,Folk-song, Vietnamese 
910 |b nthai 
980 |a Trung tâm Học liệu Trường Đại học Cần Thơ